ORGANIC SYNTHESES (Record no. 2105)

MARC details
000 -LEADER
fixed length control field 00399nam a22001697a 4500
003 - CONTROL NUMBER IDENTIFIER
control field OSt
005 - DATE AND TIME OF LATEST TRANSACTION
control field 20210906101116.0
008 - FIXED-LENGTH DATA ELEMENTS--GENERAL INFORMATION
fixed length control field 210906b |||||||| |||| 00| 0 eng d
020 ## - INTERNATIONAL STANDARD BOOK NUMBER
International Standard Book Number 0-471-54261-X
040 ## - CATALOGING SOURCE
Transcribing agency HU
082 ## - DEWEY DECIMAL CLASSIFICATION NUMBER
Classification number 547/LIO
100 ## - MAIN ENTRY--PERSONAL NAME
Personal name C.LIOTTA
Fuller form of name DENNIS C.LIOTTA
9 (RLIN) 1739
245 ## - TITLE STATEMENT
Title ORGANIC SYNTHESES
260 ## - PUBLICATION, DISTRIBUTION, ETC.
Place of publication, distribution, etc. NEW YORK
Name of publisher, distributor, etc. John Wiley
Date of publication, distribution, etc. 1991
300 ## - PHYSICAL DESCRIPTION
Extent 850
942 ## - ADDED ENTRY ELEMENTS (KOHA)
Source of classification or shelving scheme Dewey Decimal Classification
Koha item type Books like text book referance book
Suppress in OPAC No
Holdings
Withdrawn status Lost status Source of classification or shelving scheme Damaged status Not for loan Home library Current library Shelving location Date acquired Full call number Barcode Date last seen Copy number Price effective from Koha item type Total Checkouts
    Dewey Decimal Classification     Natural & Computational Science Library Natural & Computational Science Library General Stacks 09/06/2021 547/LIO NSCLIB00005552 09/06/2021 1 09/06/2021 Books like text book referance book  
    Dewey Decimal Classification     Natural & Computational Science Library Natural & Computational Science Library General Stacks 09/06/2021 547/LIO NSCLIB00005555 09/06/2021 2 09/06/2021 Books like text book referance book  
    Dewey Decimal Classification     Natural & Computational Science Library Natural & Computational Science Library General Stacks 09/08/2021 547/2/LIO NSCLIB00005790 09/08/2021 3 09/08/2021 Books like text book referance book  
    Dewey Decimal Classification     Natural & Computational Science Library Natural & Computational Science Library General Stacks 09/08/2021 547/2/LIO NSCLIB00005791 09/08/2021 4 09/08/2021 Books like text book referance book  
    Dewey Decimal Classification     Natural & Computational Science Library Natural & Computational Science Library General Stacks 09/08/2021 547/2/LIO NSCLIB00005792 09/08/2021 5 09/08/2021 Books like text book referance book  
    Dewey Decimal Classification     Natural & Computational Science Library Natural & Computational Science Library General Stacks 09/08/2021 547/2/LIO NSCLIB00005793 09/08/2021 6 09/08/2021 Books like text book referance book  
    Dewey Decimal Classification     Natural & Computational Science Library Natural & Computational Science Library General Stacks 09/08/2021 547/2/LIO NSCLIB00005794 09/08/2021 7 09/08/2021 Books like text book referance book  
    Dewey Decimal Classification     Natural & Computational Science Library Natural & Computational Science Library General Stacks 09/08/2021 547.2/LIO NSCLIB00005789 09/08/2021 1 09/08/2021 Books like text book referance book